Flags of the US States #0 - Statistics

General Stats
  • This quiz has been taken 2,425 times
  • The average score is 6 of 10
Answer Stats
Answer % Correct
HTML tutorial Arkansas
94%
HTML tutorial Wisconsin
94%
HTML tutorial New Mexico
70%
HTML tutorial Ohio
64%
HTML tutorial South Carolina
63%
HTML tutorial West Virginia
52%
HTML tutorial Rhode Island
51%
HTML tutorial Tennessee
49%
HTML tutorial New York
43%
HTML tutorial Michigan
35%
No matching quizzes found
Score Distribution
Percent of People with Each Score
Percentile by Number Answered
Your Score History
You have not taken this quiz